| LEADER |
01739nam0a2200217 450 |
| 001 |
16830634 |
| 010 |
|
|
|a 979-10-281-1029-1
|b br.
|d 25
|
| 100 |
|
|
|a 20180820d2018 u u0frey01 ba
|
| 101 |
1 |
|
|a fre
|c
|
| 102 |
|
|
|a FR
|
| 200 |
0 |
|
|a coeur (Le)
|e Le cycle des démons
|f Peter V. Brett
|g trad. Claire Kreutzberger
|
| 207 |
|
1 |
|a
|
| 210 |
|
|
|a Paris
|c Bragelonne
|d 2018
|
| 215 |
|
|
|d 29 cm
|
| 330 |
|
|
|a Depuis des temps immémoriaux, des démons assoiffés de sang rôdent dans les ténèbres. L'espèce humaine, décimée, dépend pour se protéger d'une magie en bonne partie oubliée.En cherchant à unir la population pour mener la guerre ultime contre les chtoniens, Arlen et Jardir ont incité ceux-ci à se multiplier aux quatre coins de Thesa. L'humanité ne peut espérer survivre, à moins qu'Arlen, Jardir et Renna obligent le fourbe prince démon qu'ils ont fait prisonnier à les guider vers le Cúur. C'est à ce prix qu'ils empêcheront la Mère des Démons de donner naissance à une invincible armée.Laissant à ses alliés Leesha, Inevera, Ragen et Elissa la lourde tâche d'unir les Villes Libres pour résister aux hordes du Cúur, le trio s'engage dans une quête à l'issue des plus incertaines...« Trépidant de bout en bout... une aventure passionnante qui est, sans conteste, la plus belle réussite de Brett à ce jour. » Bookreporter« Bravo à Peter V. Brett pour la conclusion de cette formidable série. » SFF World
|
| 461 |
|
0 |
|t Cycle des démons
|v 5
|
| 700 |
|
0 |
|a Brett
|b Peter V.
|c Auteur du texte
|f 1973-....
|4 70
|
| 702 |
|
0 |
|a Kreutzberger
|b Claire
|4 730
|
| 900 |
|
|
|a Science Fiction
|
| 901 |
|
|
|a Accessible au prêt
|
| 995 |
|
|
|a Bibliothèque
|c Bibliothèque
|f 024019056
|h 024019056
|k SF BRE
|o p
|q a
|r az
|e Bibliothèque
|